| 000 | 00951nam a2200313 i 4500 | ||
|---|---|---|---|
| 001 | 12586 | ||
| 003 | KOSZ 005 | ||
| 005 | 20200630132827.0 | ||
| 008 | 070707s1970 pl a f 001 0 pol | ||
| 015 | _aPB 1970/4998 | ||
| 040 |
_aWA N _cWA N _dKOSZ 005/RW _dKOSZ 005/HR |
||
| 046 | _k1970 | ||
| 080 | _a546.3 | ||
| 080 | _a53 | ||
| 080 | _a620.1 | ||
| 100 | 1 |
_aKalinowski, Ludomir. _eAutor |
|
| 245 | 1 | 0 |
_aFizyka metali / _cLudomir Kalinowski. |
| 260 |
_aWarszawa : _bPaństwowe Wydawnictwo Naukowe, _c1970. |
||
| 300 |
_a440, [2] s. : _bil., err. ; _c23 cm. |
||
| 380 | _aKsiążki. | ||
| 388 | _a1901-2000 | ||
| 504 | _aBibliogr. s. 401-[418]. Indeks. | ||
| 658 | _aFizyka i astronomia | ||
| 650 | 4 | _aFizyka | |
| 650 | 4 | _aMetale | |
| 710 | 2 |
_aPaństwowe Wydawnictwo Naukowe _4pbl. |
|
| 856 |
_uhttp://koha.tu.koszalin.pl/cgi-bin/koha/opac-detail.pl?biblionumber=12586 _yKatalog online BPK |
||
| 942 |
_2UKD _cKS |
||
| 999 |
_c12586 _d12586 |
||